1898 1642 1073 1138 1027 1229 1579 1835 1894 1787 1655 1597 1914 1531 1933 1826 1863 1973 1959 1050 1767 1349 1035 1941 1877 1942 1073 1244 1437 1489 1796 1200 1782 1595 1284 1725 1924 1396 1258 1890 1064 1666 1370 1125 1686 1178 1930 1139 1552 1450 1378 1888 1249 1262 1621 1642 1983 1823 1218 1160 1564 1385 1718 1203 1257 1105 1829 1937 1276 1586 1349 1582 1537 1685 1354 1659 1184 1410 1567 1171 1267 1459 1269 1174 1594 1443 1989 1275 1430 1280 1806 1701 1982 1892 1724 1372 1339 1086 1227 BCNSPRNW ULIB Ver.6.0+V

เปลี่ยนเป็นภาษาไทย

Change to English
 แสดงรายละเอียดบรรณานุกรม
  กลับหน้าหลัก

Brief Record : Get Marc (ISO 2709) : E-mail record : QR code < ปิดหน้าต่าง
LEADER : 00000nam 2200000uu 4500
001    13399127597
003     ULIB
008    210222s2561||||th 000 0 tha d
020    ^a9786163983077
060  4 ^aWE725^bส867ป
100 0  ^aสุรีพร อุทัยคุปต์
245 10 ^aปวดคอและปวดศีรษะจากกระดูกสันหลังส่วนคอ =^bNeck pain and cervicogenic headache /^cสุรีพร อุทัยคุปต์
246 31 ^aNeck pain and cervicogenic headache
260    ^aเชียงใหม่ :^bภาควิชากายภาพบำบัด คณะเทคนิคการแพทย์ มหาวิทยาลัยเชียงใหม่,^c2561
300    ^axii, 185 หน้า :^bภาพประกอบ
650  4 ^aกระดูกสันหลัง
650  4 ^aกระดูกสันหลังส่วนคอ
650  4 ^aปวดคอ
650  4 ^aปวดศีรษะ
710 2  ^aมหาวิทยาลัยเชียงใหม่.^bคณะเทคนิคการแพทย์.^bภาควิชากายภาพบำบัด
945    ^p300^l0^i007712
945    ^p300^l0^i007713
945    ^p300^l0^i007714
999    ^aประนอม เกษจรัล
รายการนี้ยังไม่มีแท็ก
คุณยังไม่ได้ล็อกอิน คุณสามารถมีกิจกรรมร่วมกับเว็บไซต์ได้ แต่ต้องล็อกอินก่อน ::
  ล็อกอิน

รายการสื่อสารสนเทศ

ลำดับที่ ประเภท เลขเรียก/บาร์โค้ด สถานที่ สถานะ
1. วิทยาศาสตร์การแพทย์ และสุขภาพ
หนังสือสำรอง
สถานะ=หนังสือสำรอง
WE725 ส867ป ฉ.1 
  Barcode: 007712
ห้องสมุดวิทยาเขตสวรรค์ประชารักษ์
►หนังสือทั่วไป
บนชั้น
2. วิทยาศาสตร์การแพทย์ และสุขภาพ
วิทยาศาสตร์การแพทย์ และสุขภาพ
WE725 ส867ป ฉ.2 
  Barcode: 007713
ห้องสมุดวิทยาเขตสวรรค์ประชารักษ์
►หนังสือทั่วไป
บนชั้น
3. วิทยาศาสตร์การแพทย์ และสุขภาพ
วิทยาศาสตร์การแพทย์ และสุขภาพ
WE725 ส867ป ฉ.3 
  Barcode: 007714
ห้องสมุดวิทยาเขตสวรรค์ประชารักษ์
►หนังสือทั่วไป
บนชั้น

รายการใกล้เคียง
    ผู้แต่ง [สุรีพร อุทัยคุปต์]

    หัวเรื่อง [กระดูกสันหลัง]
    หัวเรื่อง [กระดูกสันหลังส่วนคอ]
    หัวเรื่อง [ปวดคอ]
    หัวเรื่อง [ปวดศีรษะ]

BibComment


ยังไม่เคยถูกคอมเมนท์

คอมเมนท์ทรัพยากรรายการนี้
  คอมเมนท์: ปวดคอและปวดศีรษะ..


 Copyright 2026. Bcnsprnw @Library